header

Communicable disease epidemiology and control (Record no. 13488)

MARC details
000 -LEADER
fixed length control field 01191nam a22003134a 4500
082 04 - DEWEY DECIMAL CLASSIFICATION NUMBER
Classification number 614.5
100 1# - MAIN ENTRY--AUTHOR NAME
Personal name Webber, Roger.
245 10 - TITLE STATEMENT
Title Communicable disease epidemiology and control
250 ## - EDITION STATEMENT
Edition statement 2nd ed.
260 ## - PUBLICATION, DISTRIBUTION, ETC. (IMPRINT)
Place of publication Cambridge, MA. :
Name of publisher CABI Pub.,
Year of publication c2005.
300 ## - PHYSICAL DESCRIPTION
Number of Pages xii, 316 p. :
Other physical details ill., maps.
650 #0 - SUBJECT ADDED ENTRY--TOPICAL TERM
Topical Term Communicable diseases
Topical Term Communicable diseases
856 40 - ELECTRONIC LOCATION AND ACCESS
Uniform Resource Identifier http://site.ebrary.com/lib/rucke/Doc?id=10256997

No items available.

© 2026 Rongo University
Contact us: librarian | system librarian | Rongo university